| 000 | 00431nam a2200181Ia 4500 | ||
|---|---|---|---|
| 001 | 23933 | ||
| 005 | 20260414151010.0 | ||
| 008 | 260414t1946||||xx |||||||||||||| ||spa|| | ||
| 041 | _aESP | ||
| 082 |
_a721 _bM564 |
||
| 100 |
_aMoia, José Luis, _eAUT |
||
| 245 | 0 |
_aCómo debe proyectarse una vivienda _b |
|
| 260 | _c1946 | ||
| 300 |
_a309 páginas : _c28 cm. |
||
| 650 | _aABD | ||
| 654 | _aCAU | ||
| 942 |
_cLIB _dJUS _fJUS _2ddc _n |
||
| 999 |
_c23933 _d23933 |
||